000 00403nam a2200157Ia 4500
003 GCL
008 140319s9999 xx 000 0 eng d
040 _aGCL /
_cGCL
082 0 4 _a621.3815
_bT D
100 1 _aTOKHEIM, ROGER L.
245 1 0 _aDIGITAL ELECTRONICS /
_cTOKHEIM, ROGER L.
260 _a[S.N] :
_bMC GRAW - HILL
650 0 4 _aELECTRONICS
650 0 4 _aDIGITAL ELECTRONICS
942 _2ddc
_cBK
999 _c23501
_d23501